www.tipografía: 300 diseños tipográficos para sitios web

Zapisane w:
Opis bibliograficzny
1. autor: Pring, Roger (Autor)
Format: Książka
Język:hiszpański
Wydane: Barcelona Gustavo Gili 2000
Hasła przedmiotowe:
Etykiety: Dodaj etykietę
Nie ma etykietki, Dołącz pierwszą etykiete!

MARC

LEADER 00000nam a2200000 a 4500
001 UCM8772
003 CL-VaPUC
008 030328e20000000SP |||||||||||||||||spa|d
082 0 4 |a 686.22  |b PRI  |2 21 
100 0 |a Pring, Roger  |e author  |9 474963 
245 1 0 |a www.tipografía: 300 diseños tipográficos para sitios web 
300 |a 192 p 
942 |c BK 
945 |d 20030328 00:00:00  |a vberengu 
260 |a Barcelona  |b Gustavo Gili  |c 2000 
650 0 |a Tipografía  |9 266998 
650 7 |a IMPRESION  |2 CL-VaPUC  |9 266944 
650 0 |a Artes gráficas  |9 265865 
583 |a last modification  |c 20030328 00:00:00  |k Rodrigo Vera 
999 |c 303199  |d 303197 
952 |0 0  |1 0  |4 0  |6 686_220000000000000_PRI_2000  |7 0  |8 A  |9 364349  |a BIBARQ  |b BIBARQ  |d 2019-11-21  |i 3887022  |l 1  |o 686.22 PRI 2000  |p 3887022  |r 2025-01-20  |s 2023-08-29  |w 2019-11-21  |y BK  |k ARQ